|
|
|
|
| LEADER |
01639nam a2200325 a 4500 |
| 001 |
0017697 |
| 003 |
BD-DhAAL |
| 008 |
090503s2005 ii b 001 0 eng d |
| 010 |
|
|
|a \\2005319041
|
| 020 |
|
|
|a 8125028668
|
| 040 |
|
|
|a DLC
|c DLC
|d DLC
|d BD-DhAAL
|
| 082 |
0 |
0 |
|a 614.5210954
|2 22
|
| 100 |
1 |
|
|a Bhattacharya, Sanjoy.
|9 41703
|
| 245 |
1 |
0 |
|a Fractured states :
|b smallpox, public health and vaccination policy in British India 1800-1947 /
|c Sanjoy Bhattacharya, Mark Harrison and Michael Worboys.
|
| 260 |
|
|
|a New Delhi :
|b Orient Longman,
|c 2005.
|
| 300 |
|
|
|a x, 264 pages ;
|c 22 cm
|
| 490 |
|
0 |
|a New perspectives in South Asian history ;
|v 11
|
| 504 |
|
|
|a Includes bibliographical references (pages 239-255) and index.
|
| 526 |
|
|
|a JPGSPH
|x Mrityunjoy Das
Academic and Administrative Officer
James P Grant School of Public Health
BRAC University
|
| 541 |
1 |
|
|e 17697
|a Paragon Enterprises LTD
|
| 650 |
|
0 |
|a Communicable diseases
|z India
|x Prevention.
|9 41704
|
| 650 |
|
0 |
|a Smallpox
|x Vaccination
|z India
|x History.
|9 41705
|
| 650 |
|
0 |
|a Public health
|z India
|x History.
|9 41706
|
| 650 |
|
0 |
|a Medical policy
|z India
|x History.
|9 41707
|
| 700 |
1 |
|
|a Harrison, Mark,
|d 1964-
|9 41708
|
| 700 |
1 |
|
|a Worboys, Michael,
|d 1948-
|9 41709
|
| 852 |
4 |
|
|a Ayesha Abed Library
|c General Stacks
|
| 942 |
|
|
|2 ddc
|c BK
|
| 999 |
|
|
|c 335
|d 335
|
| 952 |
|
|
|0 0
|1 0
|2 ddc
|4 0
|6 614_521095400000000_BHA_2005
|7 0
|9 304
|a BRACUL
|b BRACUL
|c GEN
|d 2009-05-03
|e Paragon Enterprises LTD
|g 1045.00
|l 1
|m 17
|o 614.5210954 BHA
|p 3010017697
|r 2019-02-04
|s 2019-01-23
|t 1
|w 2009-05-03
|y BK
|x Requisitioned by Mrityunjoy Das, Academic and Administrative Officer, James P Grant School of Public Health, BRAC University
|